000 00597nam a2200229 a 4500
001 0001-1403
003 ELIB.Books
008 160804 2010 eng
020 _a9781783596
035 _a(ELIB.Books)0001-1558
092 _a241.66
_bDey
100 _aDeyoung, Kevin.
245 _aWhat Does The Bible Really Teach about Homosexuality?
260 _aNottingham
_bInter-Varsity Press
_c2015
300 _a157
_c20.5 Cm
650 _aHomosexuality
856 _nKBTS Library
_uKBTS: ELIB
942 _2ddc
_cBK
990 _a2
998 _cbat
_e2016-08-04
999 _c11403
_d11403